Normal view MARC view

Entry Personal Name

Number of records used in: 1

001 - CONTROL NUMBER

  • control field: 17638

003 - CONTROL NUMBER IDENTIFIER

  • control field: OSt

005 - DATE AND TIME OF LATEST TRANSACTION

  • control field: 20240624103851.0

008 - FIXED-LENGTH DATA ELEMENTS

  • fixed length control field: 240624|| aca||aabn | a|a d

040 ## - CATALOGING SOURCE

  • Original cataloging agency: OSt
  • Transcribing agency: OSt

100 ## - HEADING--PERSONAL NAME

  • Personal name: Shapiro, Ascher H

670 ## - SOURCE DATA FOUND

  • Source citation: Work cat.: (OSt)8725: Shapiro, Ascher H., The dynamics and thermodynamics of compressible fluid flow /, 1983.